|
|
|
|
| LEADER |
01749nam a2200373 a 4500 |
| 001 |
EBC1081883 |
| 003 |
MiAaPQ |
| 005 |
20200520144314.0 |
| 006 |
m o d | |
| 007 |
cr cn||||||||| |
| 008 |
121219s2013 nyuad sb 001 0 eng d |
| 010 |
|
|
|z 2012952005
|
| 020 |
|
|
|z 9781461452324
|
| 020 |
|
|
|z 9781461452331 (e-book)
|
| 035 |
|
|
|a (MiAaPQ)EBC1081883
|
| 035 |
|
|
|a (Au-PeEL)EBL1081883
|
| 035 |
|
|
|a (CaPaEBR)ebr10634694
|
| 035 |
|
|
|a (CaONFJC)MIL424644
|
| 035 |
|
|
|a (OCoLC)822576863
|
| 040 |
|
|
|a MiAaPQ
|c MiAaPQ
|d MiAaPQ
|
| 050 |
|
4 |
|a BL65.W67
|b H36 2013
|
| 245 |
0 |
0 |
|a Handbook of faith and spirituality in the workplace
|h [electronic resource] :
|b emerging research and practice /
|c Judi Neal, editor.
|
| 260 |
|
|
|a New York :
|b Springer,
|c 2013.
|
| 300 |
|
|
|a xv, 769 p. :
|b ill. (some col.)
|
| 504 |
|
|
|a Includes bibliographical references and index.
|
| 505 |
0 |
|
|a pt. I. Basic issues in faith and spirituality in the workplace -- pt. II. Faith at work : religious perspectives -- pt. III. Mapping the terrain : emerging theory and research -- pt. IV. Cross-disciplinary perspectives -- pt. V. Faith and spirituality at work assessments -- pt. VI. Integrating scholarship and practice -- pt. VII. Over the horizon : reflective essays from the pioneers.
|
| 533 |
|
|
|a Electronic reproduction. Ann Arbor, MI : ProQuest, 2015. Available via World Wide Web. Access may be limited to ProQuest affiliated libraries.
|
| 650 |
|
0 |
|a Religion in the workplace.
|
| 650 |
|
0 |
|a Work
|x Religious aspects.
|
| 650 |
|
0 |
|a Employees
|x Religious life.
|
| 655 |
|
4 |
|a Electronic books.
|
| 700 |
1 |
|
|a Neal, Judi.
|
| 710 |
2 |
|
|a ProQuest (Firm)
|
| 856 |
4 |
0 |
|u https://ebookcentral.proquest.com/lib/matrademy/detail.action?docID=1081883
|z Click to View
|